| 000 | 00847nam a2200253 u 4500 | ||
|---|---|---|---|
| 001 | 63724 | ||
| 005 | 20180714070258.0 | ||
| 008 | 151111s2013 mx r 000 0 spa d | ||
| 020 | _a9786077928188 | ||
| 041 | _aspa | ||
| 082 | 0 |
_a015.97247031 _bTLA |
|
| 110 | 1 |
_aTlaxcala Gobierno del Estado _eautor |
|
| 245 | 1 | 0 |
_aCatálogo de documentos siglo XVI / _cTlaxcala Gobierno del Estado. |
| 250 | _aPrimera edición | ||
| 264 | 1 |
_aMéxico : _bArchivo Histórico del Estado de Tlaxcala, _c2013 |
|
| 300 |
_axix, 281 páginas ; _c27 cm. |
||
| 336 |
_atexto _2rdacontent |
||
| 337 |
_asin mediación _2rdamedia |
||
| 338 |
_avolumen _2rdacarrier |
||
| 490 | 0 | _aColección Catálogos | |
| 650 | 4 |
_aCatálogos _xManuscritos _zMéxico |
|
| 650 | 4 |
_aHistoria _xFuentes _zTlaxcala |
|
| 740 | 0 | _aCatálogo de Documentos Siglo XVI, Vol.I | |
| 999 |
_c63724 _d63724 |
||